UBT Library

Creating a "win-win IEP" for students with autism / (Record no. 43273)

000 -LEADER
fixed length control field 00796cam a22002657a 4500
001 - CONTROL NUMBER
control field 16687183
005 - DATE AND TIME OF LATEST TRANSACTION
control field 20180223074517.0
008 - FIXED-LENGTH DATA ELEMENTS--GENERAL INFORMATION
fixed length control field 110310s1999 txua 000 0 eng d
010 ## - LIBRARY OF CONGRESS CONTROL NUMBER
LC control number 2011280879
020 ## - INTERNATIONAL STANDARD BOOK NUMBER
International Standard Book Number 9781885477521 (pbk.)
020 ## - INTERNATIONAL STANDARD BOOK NUMBER
International Standard Book Number 188547752X (pbk.)
035 ## - SYSTEM CONTROL NUMBER
System control number (OCoLC)ocm41963163
040 ## - CATALOGING SOURCE
Original cataloging agency YNG
Transcribing agency YNG
Modifying agency OCLCQ
-- BAKER
-- UQ1
-- DLC
041 ## - LANGUAGE CODE
Language code of text/sound track or separate title eng
042 ## - AUTHENTICATION CODE
Authentication code lccopycat
043 ## - GEOGRAPHIC AREA CODE
Geographic area code n-us---
080 ## - UNIVERSAL DECIMAL CLASSIFICATION NUMBER
Universal Decimal Classification number 371.94 bat
082 00 - DEWEY DECIMAL CLASSIFICATION NUMBER
Classification number 371.94 bat
Edition number 23
100 1# - Rafti
Rafti 48
101 ## - Shkurtesa
Shkurtesa edu
245 10 - TITLE STATEMENT
Title Creating a "win-win IEP" for students with autism /
Statement of responsibility, etc Beth Fouse.
906 ## - LOCAL DATA ELEMENT F, LDF (RLIN)
a 7
b cbc
c copycat
d 2
e ncip
f 20
g y-gencatlg
942 ## - ADDED ENTRY ELEMENTS (KOHA)
Source of classification or shelving scheme
Item type Books
Holdings
Withdrawn status Lost status Source of classification or shelving scheme Damaged status Not for loan Collection code Permanent location Current location Shelving location Date acquired Total Checkouts Full call number Barcode Date last seen Price effective from Koha item type
          Koleksioni i përgjithshem UBT - Lipjan UBT - Lipjan Koleksioni i përgjithshem 02/23/2018   371.94 bat 002-2999608 02/23/2018 02/23/2018 Books
UBT Library © 2015-2024. All rights reserved University Education for Business and Technology